00421nam a22001457a 450000500170000001000150001702000260003203700130005808200120007110000180008324500660010126000340016727000590020130000150026020190501113527.0 aENG-125108 a9789384061661c499.00 bDBAD/PUB a332.024 aAshar,Kalpesh aYours financially:cby Kalpesh Asharblife finance and films/ aMumbaibTV 18 Broadcastc2017 a414,1st Floor Empire Mills,Lower ParelbMumbaie400013 a194pb21cm